LEADER 01132nam a2200253 i 4500 001 991001358359707536 005 20020502191247.0 008 980220s1997 it ||| | ita 020 $a8879462237 035 $ab11501315-39ule_inst 035 $aPRUMB59530$9ExL 040 $aScuola per assistenti sociali$bita 100 1 $aPelligra, Vittorio$0140480 245 12$aI nuovi eroi :$bvita, scienza e politica dei cerebrolesi e delle loro famiglie :$bAtti del Convegno nazionale dell'A.B.C. Associazione Bambini Cerebrolesi Sardegna :$bCagliari, 8-9 novembre 1996 /$ca cura di Vittorio Pelligra e Marco Espa 260 $aTrento :$bErickson,$c1997 300 $a303 p. ;$c21 cm. 500 $aL'Associazione Bambini Cerebrolesi Sardegna è stata riconosciuta come associazione di volontariato. 700 1 $aEspa, Marco 907 $a.b11501315$b02-04-14$c01-07-02 912 $a991001358359707536 945 $aLE024 SS/A II 36$g1$i2024000006181$lle021$nex DUSS$o-$pE0.00$q-$rl$s- $t0$u0$v0$w0$x0$y.i11694658$z01-07-02 996 $aNuovi eroi$9813254 997 $aUNISALENTO 998 $ale021$b01-01-98$cm$da $e-$fita$git $h2$i1 LEADER 01138nam0 22002531i 450 001 UON00381057 005 20231205104527.954 100 $a20100506d1962 |0itac50 ba 101 $ager 102 $aFI 105 $a|||| 1|||| 200 1 $aUntersuchungen zur Schrift und sprache des Altbabylonischen von Susa$emit berucksichtigung der MAlamir-texte$fvon Erkki Salonen 210 $aHelsinki$c[Societas Orientalis Fennica]$d1962 215 $a175 p.$d25 cm. 461 1$1001UON00101067$12001 $aStudia Orientalia$fSocietas Orientalis Fennica$1205 $aVol. 1 (1925)- $1207 $aHelsinki : Helsingforsiae : [poi] Societas Orientalis Fennica, 1925- $1210 $av.$a26 cm$1215 $aPeriodicità irregolare$vv.27,1962 606 $aFILOLOGIA ASSIRO-BABILONESE$3UONC012700$2FI 620 $aFI$dHelsinki$3UONL000062 686 $aMES III$cMESOPOTAMIA - FILOLOGIA$2A 700 1$aSALONEN$bErkki$3UONV006243$0454468 712 $aSocietas Orientalis Fennica$3UONV248045$4650 801 $aIT$bSOL$c20240220$gRICA 912 $aUON00381057 996 $aUntersuchungen zur Schrift und sprache des Altbabylonischen von Susa$91852008 997 $aUNIOR